000
00237nam a2200109Ia 4500
008
190216s9999||||xx |||||||||||||| ||und||
100
_a
Rajan J B
245
0
_a
Modern Physics
260
_b
S Chand & Co
650
_a
Physics
942
_c
BK
999
_c
32685
_d
32685